Jugadores con Más Partidos y Goles en La Liga: Castilla-La Mancha - Estadísticas

Estadísticas generales
  • Esta prueba ha sido intentada 22 veces
  • La puntuación promedio es 4 de 20
Estadísticas de respuestas
Hint Respuesta % Correcto
442 Iniesta
90%
35 Iniesta
90%
271 Kike García
35%
50 Kike García
35%
10 Pablo Ibáñez
25%
420 Cañizares
20%
330 Manu Trigueros
15%
22 Manu Trigueros
15%
264 Abel Resino
10%
322 Casquero
10%
42 Casquero
10%
277 Santi Denia
10%
15 Antonio Rivas
5%
10 Nano Rivas
5%
283 Rivera
5%
10 Rivera
5%
17 Sobrino
5%
336 Castellanos
0%
20 Dueñas
0%
317 Goyo Benito
0%
No se encontraron pruebas coincidentes
Distribución de puntuación
Porcentaje de gente con cada puntuación
Porcentaje por número respondido
Historial de tus puntuaciones
No has intentado esta prueba.